Quick method for the determination of ammonia content in natural rubber latex : A modification of the B S method (Record no. 66222)

MARC details
000 -LEADER
fixed length control field 00469nam a2200145Ia 4500
100 ## - MAIN ENTRY--AUTHOR NAME
Personal name Piyadasa K A
245 #0 - TITLE STATEMENT
Title Quick method for the determination of ammonia content in natural rubber latex : A modification of the B S method
260 ## - PUBLICATION, DISTRIBUTION, ETC. (IMPRINT)
Name of publisher Rubber Research Institute of Ceylon Bulletin
Year of publication 1971
300 ## - PHYSICAL DESCRIPTION
Number of Pages 19-23
650 ## - SUBJECT ADDED ENTRY--TOPICAL TERM
Topical Term BS method
650 ## - SUBJECT ADDED ENTRY--TOPICAL TERM
Topical Term Natural rubber latex
700 ## - ADDED ENTRY--PERSONAL NAME
Personal name Karunaratne S W
942 ## - ADDED ENTRY ELEMENTS (KOHA)
Koha item type Journals
Holdings
Withdrawn status Lost status Damaged status Not for loan Home library Current library Shelving location Date acquired Serial Enumeration / chronology Koha item type
      Journals RRII Library RRII Library Rubber chemistry 17/12/2021 Volume 6, Issue 02-Jan Journals